书目信息 |
| 题名: |
配体场理论基本原理
|
|
| 作者: | 施莱弗 , Sohlafer , 格里曼 , Gliemann 编 ;曾成 译 | |
| 分册: | ||
| 出版信息: | 南京 江苏科学技术出版社 1982 |
|
| 页数: | 323页 | |
| 开本: | 26cm | |
| 丛书名: | ||
| 单 册: | ||
| 中图分类: | O611.662 | |
| 科图分类: | ||
| 主题词: | 无机化学 | |
| 电子资源: | ||
| ISBN: | ||
| 000 | 00785nam2 2200265 45 | |
| 001 | 0182000073 | |
| 005 | 20060925143733.12 | |
| 010 | @dCNY2.25 | |
| 091 | @a15196.094 | |
| 100 | @a19960215d1982 em y0chiy0121 ea | |
| 101 | 1 | @achi@cger |
| 102 | @aCN@b320000 | |
| 105 | @ay z 000yy | |
| 200 | 10 | @a配体场理论基本原理@Apei ti chang li lun ji ben yuan li@f(德)施莱弗(Sohlafer,H.L),格里曼(Gliemann,G.)著@g曾成等译 |
| 210 | @a南京@c江苏科学技术出版社@d1982 | |
| 215 | @a323页@d26cm | |
| 606 | 0 | @a无机化学 |
| 690 | @aO611.662 | |
| 701 | 1 | @a施莱弗@Ashi lai fu@bH.L@4编 |
| 701 | A1 | @aSohlafer@bH.L@4编 |
| 701 | 1 | @a格里曼@Age li man@bG.@4著 |
| 701 | A1 | @aGliemann@bG.@4著 |
| 702 | 0 | @a曾成@Azeng cheng@4译 |
| 801 | 0 | @aCN@bNLC@c20060925 |
| 905 | @f2@b132295-296@dO611.662@e5 | |
| 配体场理论基本原理/(德)施莱弗(Sohlafer,H.L),格里曼(Gliemann,G.)著/曾成等译.-南京:江苏科学技术出版社,1982 |
| 323页;26cm |
| ISBN :CNY2.25 |
| ● |
| 相关链接 |
|
|
|
|
正题名:配体场理论基本原理
索取号:O611.662/5
 
预约/预借
| 序号 | 登录号 | 条形码 | 馆藏地/架位号 | 状态 | 备注 |
| 1 | 0132295 | 000349457 | 第三借阅区/ [索取号:O611.662/5] | 在馆 | |
| 2 | 0132296 | 000349466 | 第三借阅区/ [索取号:O611.662/5] | 在馆 | |
| 3 | 0132297 | 202099335 | 第二样本阅览室/ [索取号:O611.662/5] | 在馆 | |
| 4 | 0422593 | 204225935 | 密集书库/ [索取号:O611.662/5] | 在馆 | |
| 5 | 0434351 | 204343512 | 密集书库/ [索取号:O611.662/5] | 在馆 |